000 00704nam a2200229Ia 4500
005 20241129110027.0
008 241129s9999||||xx |||||||||||||| ||und||
020 _a978-1-4625-5119-4
037 _aTB
040 _aARTS
_beng
_cARTS
041 _aeng
_2eng
084 _aT:5,5 N6;R3
_qARTS
100 _aShapiro Edward S. Au.; Clemens Nathan H. Au.
_9726948
245 0 _aAcademic skills problems: direct assessment and intervention
_cShapiro Edward S. Au.; Clemens Nathan H. Au.
250 _a5th
260 _aNew York, USA
_bThe Guilford Press
_c2020
300 _axv,552p.
365 _aUKP
_b57.99
650 _aEducation
942 _cTB
_hT:5,5 N6;R3
999 _c1227051
_d1227051